Convênio e outros repasses / (Record no. 1247)

MARC details
000 -LÍDER
Campo Fixo de Controle 00759nam a2200241 a 4500
001 - NÚMERO DE CONTROLE
Campo de Controle 1247
003 - IDENTIFICAÇÃO DO NÚMERO DE CONTROLE
Campo de Controle BR-CuiBMT
005 - DATA E HORA DA ÚLTIMA ATUALIZAÇÃO
Campo de Controle 20231201234553.0
008 - DADOS FIXOS
Dados Fixos 230919s2009 dfba 000 0 por d
040 ## - AGÊNCIA CATALOGADORA
Código da Agência Catalogadora BR-CuiBMT
Agência que transcreveu o registro BR-CuiBMT
080 ## - Nº DA CLASSIFICAÇÃO DECIMAL UNIVERSAL
Nº Class. CDU 351.712
Nº edição CDU 2007
090 ## - NÚMERO DE CHAMADA
Nº classificação 351.712
Cutter B823c
Ano/Edição 3. ed.
110 1# - ENTRADA PRINCIPAL -- ENTIDADE
Nome da entidade ou lugar Brasil.
Unidade subordinada Tribunal de contas da União.
245 10 - TÍTULO PRINCIPAL
Título principal Convênio e outros repasses /
Indicação de responsabilidade Tribunal de contas da União.
250 ## - EDIÇÃO
Edição 3. ed.
260 ## - PUBLICAÇÃO, DISTRIBUIÇÃO, ETC.
Local de publicação Brasília :
Editora TCU:
-- SGCE,
Data 2009.
300 ## - DESCRIÇÃO FÍSICA
N. páginas ou volumes 75 p. :
Ilustrações il. color,
Dimensões 21 cm
504 ## - NOTA DE BIBLIOGRAFIA, ETC.
Nota de bibliografia Inclui bibliografia.
650 ## - ASSUNTO TÓPICO
Cabeçalho tópico ou nome geográfico Prestação de contas
Subdivisão geográfica Brasil
650 ## - ASSUNTO TÓPICO
Cabeçalho tópico ou nome geográfico Convênio
Subdivisão geral Fiscalização do TCU
650 ## - ASSUNTO TÓPICO
Cabeçalho tópico ou nome geográfico Tribunal de Contas da União (TCU)
Subdivisão geral Regulamentação
Subdivisão geográfica Brasil
942 ## - ELEMENTOS DE ENTRADA ADICIONAIS (KOHA)
Fonte de classificação ou esquema de arquivamento Classificação Decimal Universal
Tipo de item do Koha Livros
Holdings
Estado: removido Estado: perdido Fonte de classificação ou esquema de arquivamento Estado: danificado Indisponível para empréstimo Localização permanente Localização atual Data de aquisição Total Checkouts Número de Chamada completo Código de barras Date last seen Número do exemplar Preço efetivo a partir de Tipo de item (Koha)
    Classificação Decimal Universal     Biblioteca da Escola Superior de Contas do TCE/MT Biblioteca da Escola Superior de Contas do TCE/MT 01/12/2023   351.712 B823c 3. ed. BIBTCEMT23120050 01/12/2023 Ex. 1 01/12/2023 Livros
    Classificação Decimal Universal     Biblioteca da Escola Superior de Contas do TCE/MT Biblioteca da Escola Superior de Contas do TCE/MT 01/12/2023   351.712 B823c 3. ed. BIBTCEMT23120051 01/12/2023 Ex. 2 01/12/2023 Livros
    Classificação Decimal Universal     Biblioteca da Escola Superior de Contas do TCE/MT Biblioteca da Escola Superior de Contas do TCE/MT 01/12/2023   351.712 B823c 3. ed. BIBTCEMT23120052 01/12/2023 Ex. 3 01/12/2023 Livros

Powered by Koha